Полное собрание сочинений Конан Дойля. [3]: Подвиги бригадира Жерара | [Вокруг красной лампы | Приключения бригадира Жерара | Собака Баскервилей (Запись № 5909158)

Подробности
000 -МАРКЕР
контрольное поле 01274nam2a22002411 4500
001 - ИДЕНТИФИКАТОР ЗАПИСИ
контрольное поле v19\rc\1850863
005 - ИДЕНТИФИКАТОР ВЕРСИИ
контрольное поле 20250620092655.0
035 ## - ДРУГИЕ СИСТЕМНЫЕ НОМЕРА
Идентификатор записи (NLR Aleph) 005261768
100 ## - ДАННЫЕ ОБЩЕЙ ОБРАБОТКИ
Данные общей обработки 20080221d1909 |||y0rusy50 ca
101 1# - ЯЗЫК РЕСУРСА
Язык текста, звукозаписи и т.д. русский
Язык оригинала английский
-- английский
-- английский
-- английский
102 ## - СТРАНА ПУБЛИКАЦИИ ИЛИ ПРОИЗВОДСТВА
Страна публикации Российская Федерация
105 ## - ПОЛЕ КОДИРОВАННЫХ ДАННЫХ: ТЕКСТОВЫЕ МАТЕРИАЛЫ, МОНОГРАФИЧЕСКИЕ
Кодированные данные о монографическом текстовом документе y z |||||
200 1# - ЗАГЛАВИЕ И СВЕДЕНИЯ ОБ ОТВЕТСТВЕННОСТИ
Основное заглавие Подвиги бригадира Жерара
Первые сведения об ответственности Пер. Н.Д. Облеухова
Основное заглавие [Вокруг красной лампы
-- Приключения бригадира Жерара
Первые сведения об ответственности Пер. Н.Д. Облеухова
Основное заглавие Собака Баскервилей
Сведения, относящиеся к заглавию (Из прикл. Шерлока Холмса)
Первые сведения об ответственности Пер. Е.Н. Ломиковской]
210 ## - ПУБЛИКАЦИЯ, РАСПРОСТРАНЕНИЕ И ДР.
Место издания, распространения и т.д. Санкт-Петербург
Имя издателя, распространителя и т. д. П.П. Сойкин
Дата издания, распространения и т.д. [1909]
215 ## - ФИЗИЧЕСКАЯ ХАРАКТЕРИСТИКА
Специфическое обозначение материала и объем 774 с. разд. паг.
461 #0 - УРОВЕНЬ НАБОРА
Встроенное поле 001v19\rc\1850860
-- 2001#$aПолное собрание сочинений Конан Дойля$e1-$v[3]
Системный номер (АБИС) связанной записи 5909133
Автор Дойл, А. К. (1859-1930)
Место публикации Санкт-Петербург
Дата публикации [1909]
Имя издателя, распространителя и т.д. П.П. Сойкин
Сведения, относящиеся к заглавию 1-
Заглавие Полное собрание сочинений Конан Дойля
Номер тома [3]
801 #0 - ИСТОЧНИК ЗАПИСИ
Страна Российская Федерация
Организация NLR
Дата составления 20080221
Правила каталогизации psbo
801 #1 - ИСТОЧНИК ЗАПИСИ
Страна Российская Федерация
Организация ProSoft-M
Дата составления 20080221
Источник данных rusmarc
801 #2 - ИСТОЧНИК ЗАПИСИ
Страна Российская Федерация
Организация NLR
Дата составления 20080617
Источник данных rusmarc
852 ## - МЕСТОНАХОЖДЕНИЕ И ШИФР ХРАНЕНИЯ
Идентификатор организации NLR
Шифр хранения (Call Number) утр.
942 ## - ДОПОЛНИТЕЛЬНЫЕ ЭЛЕМЕНТЫ ЗАПИСИ (АБИС)
Тип экземпляра АБИС Книга
980 ## - КОЛЛЕКЦИЯ
Название коллекции Национальная библиография
Экземпляры
Тип экземпляра Дата поступления Библиотека постоянного хранения Библиотека текущего хранения Место хранения Шифр хранения Штрих-код Статус экземпляра
Книга 26.10.2013 РНБ (Московский) РНБ (Московский) Неопределен, для заказа не доступен, в ЭК виден утр. 5261768-10